00509cam a22001572 4500001001100000005001700011008004100028020002600069040001500095050002600110100003600136245007900172260004200251300001100293650004700304000000579220151217145826.0070717s xx 000 0 eng d a0070589127 :cKES 800 aKABUcKABU 0aQA76.9b.D35L572 20041 aLipschutz, Seymour.@000015494910aSchaum's outline of theory and problems of essential computer mathematics. aNew Delhi :bTata McGraw-Hill,c2004. a357 p. 0aComputer sciencexMathematics.@0000154076